|
|
|
|
| LEADER |
00000cas a2200000 a 4500 |
| 001 |
vtls008307630 |
| 003 |
SK-MaSNL |
| 005 |
20260228155833.0 |
| 008 |
051107c19121941xr mr 0 0cze c |
| 040 |
|
|
|a SNK
|b slo
|c SNK
|e AACR2
|
| 041 |
0 |
|
|a cze
|
| 044 |
|
|
|a xr
|c CZ
|
| 072 |
|
7 |
|a 635
|x Záhradkárstvo
|2 konspekt
|
| 072 |
|
7 |
|a 633
|x Rastlinná výroba
|2 konspekt
|
| 080 |
|
|
|a 634/635
|2 2011
|
| 080 |
|
|
|a 633/635
|2 2011
|
| 080 |
|
|
|a 050
|2 2011
|
| 080 |
|
|
|a (051)-048.55
|2 2011
|
| 245 |
0 |
0 |
|a Naše zahrádka
|b časopis věnovaný pěstění zahrad villových a při rodinných domcích, květin v domácnostech, oknech, na balkonech atd.
|
| 260 |
|
|
|a V Praze
|b Ferdinand Macháček
|c 1912-1941
|
| 300 |
|
|
|a 30 zv.
|c 30 cm
|
| 310 |
|
|
|a 1x mesačne
|
| 362 |
0 |
|
|a Roč. 1 (1912)-roč. 30, č. 5 (1941)
|
| 500 |
|
|
|a Zmeny podnázvu: časopis věnovaný pěstění zahrad vilových a domácích vůbec, květin v domácnostech, na oknech a balkonech a ozdobě příbytků rostlinstvem ; ilustrovaný časopis pro majitele domácích zahrad, přátele zahradnictví a přírody
|
| 650 |
0 |
7 |
|a záhradkárstvo
|2 SNKPH
|9 2728
|
| 650 |
0 |
7 |
|a pestovanie rastlín
|2 SNKPH
|9 29223
|
| 655 |
|
7 |
|a špecializované časopisy
|2 SNKPH
|9 70509
|
| 910 |
|
|
|a snk
|
| 999 |
|
|
|c 710
|d 710
|
| 952 |
|
|
|0 0
|1 1
|4 0
|7 0
|8 1
|a SNK
|b SNK
|d 2005-11-07
|i snkD 2555/76
|l 0
|o snkČB 3987/17/1928
|p 17A0490307
|r 2026-02-21 19:30:23
|t č. 1-12
|w 2026-02-21
|y PREZ
|